Szczegóły MARC21

Zarys biomechaniki ćwiczeń fizycznych. Cz. 1, Podstawy biomechaniczne układu ruchu człowieka /

003 -Nazwa inst., której nr kontr. jest w polu 001 [,]
    • @
    • Nazwa instytucji, której n kontrolny jest w polu 001
    • NUKAT
005 -DATA I CZAS OSTATNIEJ MODYFIKACJI [,]
    • @
    • pole kontrolne
    • 20241231114432.0
040 -Instytucja sporządzająca opis [ , ]
    • a
    • Instytucja, która sporządziła opis (NP)
    • LUBL U/DP
    • c
    • Instytucja, która sporządziła rekord (NP)
    • LUBL U/DP
    • d
    • Instytucja, która zmodyfikowała rekord (P)
    • LUBL U/ILs
    • d
    • Instytucja, która zmodyfikowała rekord (P)
    • LUBL U/bg
942 -Rodzaj dokumentu [ , ]
    • c
    • Rodzaj dokumentu
    • Książka
100 -Hasło główne - nazwa osobowa [1, ]
    • a
    • Nazwa osobowa (NP)
    • Fidelus, Kazimierz
    • d
    • Daty biograficzne (NP)
    • (1928-1998).
    • 9
    • KHW
    • 17463
245 -Strefa tytułu i oznaczenia odpowiedzialności [1,0]
    • a
    • Tytuł
    • Zarys biomechaniki ćwiczeń fizycznych. Find
    • n
    • Oznaczenie części (P)
    • Cz. 1,
    • p
    • Nazwa części (P)
    • Podstawy biomechaniczne układu ruchu człowieka /
    • c
    • Pozostałe elementy strefy tytułu i oznaczenia odpowiedzialności (NP)
    • Kazimierz Fidelus.
250 -Strefa wydania [ , ]
    • a
    • Oznaczenie wydania (NP)
    • Wyd. 2.
260 -Strefa adresu wydawniczego [ , ]
    • a
    • Miejsce wydania (P)
    • Warszawa :
    • b
    • Nazwa wydawcy (P)
    • Wydawnictwa Akademii Wychowania Fizycznego,
    • c
    • Data wydania (P)
    • 1983.
300 -Strefa opisu fizycznego [ , ]
    • a
    • Określenie formy książki i/lub objętość (NP)
    • 179 s., [1] k. tabl. złoż. :
    • b
    • Oznaczenie ilustracji (NP)
    • rys., wykr. ;
    • c
    • Format (NP)
    • 21 cm.
336 -Typ zawartości [ , ]
    • a
    • Termin opisujący typ zawartości
    • Tekst
    • b
    • Kod określający zawartość
    • txt
    • 2
    • Źródło (terminu i kodu)
    • rdacontent
337 -Typ mediów [ , ]
    • a
    • Tryb odtwarzania
    • Bez urządzenia pośredniczącego
    • b
    • Kod typu mediów
    • n
    • 2
    • Źródło (terminu i kodu)
    • rdamedia
338 -Typ/rodzaj nośnika [ , ]
    • a
    • Hasło opisujące typ nośnika
    • Wolumin
    • b
    • Kod typu nośnika
    • nc
    • 2
    • Źródło (terminu i kodu)
    • rdacarrier
504 -Uwaga dot. bibliogr. załącznikowej [ , ]
    • a
    • Uwaga dot. bibliografii załącznikowej
    • Bibliogr. s. 177-179.
080 -Uniwersalna Klasyfikacja Dziesiętna [ , ]
    • a
    • Symbol klasyfikacji
    • 612.7(075.8)
080 -Uniwersalna Klasyfikacja Dziesiętna [ , ]
    • a
    • Symbol klasyfikacji
    • :796(075.8)
650 -Hasło przedmiotowe [ ,7]
    • a
    • Hasło przedmiotowe
    • Mechanika ciała ludzkiego
    • v
    • Określnik formalny
    • podręczniki akademickie.
    • 2
    • Źródło terminu
    • kaba
    • 9
    • KHW
    • 504145
980 -Symbol UKD [ , ]
    • a
    • UKD
    • 612.7(075.8):796(075.8)
Sygnatura Status udost. Lokalizacja Data inwentaryzacji Numer inwentarzowy
W.111141-5BG2001-09-14W.111141
W.111141-5BG2001-09-14W.111142
W.111141-5BG2001-09-14W.111143
W.111141-5BG2001-09-14W.111144
W.111141-5BG2001-09-14W.111145
W.1111412BG2001-09-14W.111147
W.1111412BG2001-09-14W.111148
W.1111412BG2001-09-14W.111149
W.1111412BG2001-09-14W.111150
W.1111412BG2001-09-14W.111151
W.1111412BG2001-09-14W.111152
W.1111412BG2001-09-14W.111154
W.1111412BG2001-09-14W.111155
W.1111412BG2001-09-14W.111156
W.1111412BG2001-09-14W.111184
 -5BG2001-09-28W.204473
 1BM WF.1562
Biomechanika 041BM WF.1563
 -3BM WF.1564
 1BM WF.1593